| 000 | 01945nam a22003375i 4500 | ||
|---|---|---|---|
| 001 | 166436 | ||
| 003 | ES-MaACL | ||
| 005 | 20250830020105.0 | ||
| 008 | 940206m18801883sp |||| | spa d | ||
| 040 |
_aCAM _bspa |
||
| 100 | 0 |
_aTomás de Aquino, _cSanto _9110514 |
|
| 240 | 0 |
_aSumma theologica. _lEspañol |
|
| 245 | 1 | 0 |
_aSuma Teológica / _cSanto Tomás de Aquino ; traducida directamente del latín por Hilario Abad de Aparicio ; revisada y anotada por Manuel Mendía, con la colaboración de Pompilio Díaz ; precedida de un prólogo de Ramón Martinez Vigil. |
| 260 |
_aMadrid : _bMoya y Plaza, _c1880-1883. |
||
| 300 |
_a5 v. ; _c27 cm. |
||
| 505 | 8 | _aDe la restauración en las escuelas católicas de la filosofía cristiana conforme a la doctrina de Santo Tomas de Aquino / encíclica del Papa León XIII , P. 629-667. Diccionario de las voces y frases mas usadas por Santo Tomás y otros escolásticos / traducido... del escrito por S. de Zama Mellinio, P. 668-725. Teoría general de las pasiones según los autores antiguos y modernos / Manuel Chacón Guzquez, P. 727-729 (todas ellas contenidas en el t. V) | |
| 530 | _aDisponible en formato digital. | ||
| 596 | _aImpresor en los vol. 4-5: Nicolás Moya. | ||
| 597 | _aVol.1 (XLIV, 955 p., [2] h. pleg., [1] h. de lám.) -- vol. 2 (869 p.) -- vol. 3 (II, 1020 p.) -- vol. 4 (976 p.) -- vol. 5 (VIII, 749 p.) | ||
| 597 | _aTexto a dos col. | ||
| 599 | _a1 h. de lám. en v. 1: "D. Martinez", retrato del autor. | ||
| 650 | 0 | 7 |
_aTeología dogmática _2embne _917468 |
| 700 | 1 |
_aAbad de Aparicio, Hilario _917922 |
|
| 700 | 1 |
_aMendía, Manuel. _9129830 |
|
| 700 | 1 |
_aMartínez Vigil, Ramón, _d1840-1904 _9129639 |
|
| 700 | 1 |
_aDíaz, Pompilio. _9126906 |
|
| 852 |
_aES-MaACL _jF-2639-43 _z-- Enc. hol. |
||
| 856 |
_uhttp://bdh-rd.bne.es/viewer.vm?id=0000015987&page=1 _zBiblioteca Digital Hispánica |
||
| 999 |
_c166436 _d166436 |
||